000 01856nam a2200265Ia 4500
999 _c51916
_d51916
001 18916
003 GE_BSU
005 20210423172432.0
008 181216s2013||||ge |||||||||||||| ||geo||
040 _cGE_BSU
041 _ageo
080 _a63 გ-69
100 _aგორგილაძე, მირანდა
_95977
245 _aფორთოხლის წვენის ნატურალობის მახასიათებელი პარამეტრების დადგენა და მათი განსაზღვრის მეთოდიკების შემუშავება /
_cმირანდა გორგილაძე; სამეცნიერო ხელმძღვანელი ე. ნიჟარაძე, გ. პაპუნიძე; ბათუმის შოთა რუსთაველის სახ-ფო უნ-ტი..
264 _aბათუმი
_c2013.
300 _a136 გვ.;
_b+ Cd
_c30 სმ.
520 _aდისკით
653 _aდისერტაცია
653 _aსოფლის მეურნეობა
653 _aფორთოხლის წვენის ნატურალობის მახასიათებელი პარამეტრების დადგენა და მათი განსაზღვრის მეთოდიკების შემუშავება.
700 _aნიჟარაძე, ე.
_eსამეცნიერო ხელმძღვანელი
_91822
700 _aპაპუნიძე, გ.
_eსამეცნიერო ხელმძღვანელი
_911587
710 _aბათუმის შოთა რუსთაველის სახ-ფო უნ-ტი
_911588
942 _cBK
_2udc